• 首页
  • 本馆介绍
  • 公告通知
  • 最新文献
  • 馆藏检索
  • 电子资源
  • 读者导购
  • 参考咨询
  • 我的图书馆
  • 登录
  • 详细信息显示
  • 放入我的书架
  • 预约/预借图书
  • 作者相关作品
  • 分类相关作品
  • 丛书相关作品
  • 出版社相关作品

书目信息

  • 表格格式
  • 工作单格式
  • 卡片格式
题名:
期刊
    
 
作者: 徐柏容 著
分册:  
出版信息: 北京   首都师范大学出版社  2009
页数: 288页
开本: 24cm
丛书名: 书林守望丛书
单 册:
中图分类: G237.5-53
科图分类:
主题词: 期刊--编辑工作--文集 , 期刊 , 编辑工作
电子资源:
ISBN: 978-7-81119-538-5
000 01008oam2 2200301 450
001 3922
005 20180527204220.55
010    @a978-7-81119-538-5@dCNY42.00
100    @a20091229d2009 em y0chiy50 ea
101 0  @achi
102    @aCN@b110000
105    @aa z 000yy
200 1  @a期刊@9qi kan@e长流的江河@f徐柏容著
210    @a北京@c首都师范大学出版社@d2009
215    @a288页@c图@d24cm
225 1  @a书林守望丛书@v8
300    @a韬奋基金会资金资助 “十一五”国家重点图书出版规划项目
308    @a丛书第一辑
330    @a本书分为期刊实务、期刊纵横、期刊风范三部分,内容包括:论期刊编辑工作的特点、论期刊的系统结构、论期刊的开本与刊名、丛刊和丛刊的异化、《小说月报》的创意与创刊等。
461  0 @12001 @a书林守望丛书
517 1  @a长流的江河@9zhang liu de jiang he
606 0  @a期刊@x编辑工作@j文集
606 0  @a期刊
606 0  @a编辑工作
690    @aG237.5-53@v4
701  0 @a徐柏容@9xu bai rong@f(1922.1~)@4著
801  0 @aCN@b91MARC@c20130904
905    @aMuseLib@dG237.5-53@e99
    
    期刊:长流的江河/徐柏容著.-北京:首都师范大学出版社,2009
    288页:图;24cm.-(书林守望丛书;8)
    韬奋基金会资金资助 “十一五”国家重点图书出版规划项目
    
    ISBN 978-7-81119-538-5:CNY42.00
    本书分为期刊实务、期刊纵横、期刊风范三部分,内容包括:论期刊编辑工作的特点、论期刊的系统结构、论期刊的开本与刊名、丛刊和丛刊的异化、《小说月报》的创意与创刊等。
●
相关链接 在E读中查询图书 在五车中查询图书 在当当中查询图书 在豆瓣中查询图书


正题名:期刊     索取号:G237.5-53/99         预约/预借

序号 登录号 条形码 馆藏地/架位号 状态 备注
1 1111174   211111740   第一样本阅览室/ [索取号:G237.5-53/99] 在馆    
2 1111175   211111759   教育系资料室/ [索取号:G237.5-53/99] 在馆    
3 1111176   211111768   教育系资料室/ [索取号:G237.5-53/99] 在馆    
4 1111177   211111777   第四借阅区/ [索取号:G237.5-53/99] 在馆    
唐山师范学院图书馆 欢迎您!
大连网信软件有限公司© 版权所有